| 000 | 00627nam a22002057a 4500 | ||
|---|---|---|---|
| 999 |
_c3939 _d3939 |
||
| 003 | AR-CdUCM | ||
| 008 | 190307b ||||| |||| 00| 0 spa d | ||
| 040 |
_aMUNICIPALIDAD PROVINCIAL DEL CUSCO _cBIBLIOTECA MUNICIPAL DEL CUSCO |
||
| 082 |
_a869.56 / _bT73 |
||
| 100 |
_aToro Montalvo, César _912608 |
||
| 245 | _aMágicas y mabú el meleno de la guitarra / | ||
| 260 |
_aPerú : _bLa Ráma Florida , _c1970. |
||
| 300 |
_a49 páginas ; _c16.5 cm. |
||
| 505 | _aPoesías | ||
| 650 |
_aPoesia Peruana _9280 |
||
| 650 |
_aPoesia Latinoamericana _92147 |
||
| 650 |
_aPoesia Urbana _912609 |
||
| 942 |
_2ddc _cLIBROS |
||
| 945 | _artm | ||